<?xml version="1.0" encoding="UTF-8"?>
<record
    xmlns:xsi="http://www.w3.org/2001/XMLSchema-instance"
    xsi:schemaLocation="http://www.loc.gov/MARC21/slim http://www.loc.gov/standards/marcxml/schema/MARC21slim.xsd"
    xmlns="http://www.loc.gov/MARC21/slim">

  <leader>00823nam a22002537a 4500</leader>
  <controlfield tag="005">20140806120935.0</controlfield>
  <datafield tag="010" ind1=" " ind2=" ">
    <subfield code="a">ENG-109072</subfield>
  </datafield>
  <datafield tag="020" ind1=" " ind2=" ">
    <subfield code="a">9780070655591</subfield>
    <subfield code="c">165.00</subfield>
  </datafield>
  <datafield tag="020" ind1=" " ind2=" ">
    <subfield code="a">0070655596</subfield>
    <subfield code="c">165.00</subfield>
  </datafield>
  <datafield tag="035" ind1=" " ind2=" ">
    <subfield code="a">EN-92605</subfield>
  </datafield>
  <datafield tag="035" ind1=" " ind2=" ">
    <subfield code="a">B-534749-788</subfield>
  </datafield>
  <datafield tag="037" ind1=" " ind2=" ">
    <subfield code="b">DBAD/PUB</subfield>
  </datafield>
  <datafield tag="037" ind1=" " ind2=" ">
    <subfield code="b">BSB/Ven</subfield>
    <subfield code="a">dpl</subfield>
  </datafield>
  <datafield tag="082" ind1=" " ind2=" ">
    <subfield code="a">808.84</subfield>
  </datafield>
  <datafield tag="100" ind1=" " ind2=" ">
    <subfield code="a">Ramesh Singh</subfield>
  </datafield>
  <datafield tag="245" ind1=" " ind2=" ">
    <subfield code="a">Contemporary essays /</subfield>
    <subfield code="c">by Ramesh Singh</subfield>
  </datafield>
  <datafield tag="260" ind1=" " ind2=" ">
    <subfield code="a">New Delhi</subfield>
    <subfield code="b">McGraw Hill Education</subfield>
    <subfield code="c">2013</subfield>
  </datafield>
  <datafield tag="270" ind1=" " ind2=" ">
    <subfield code="a">P-24, Green Park Extension</subfield>
    <subfield code="b">New Delhi</subfield>
    <subfield code="e">110016</subfield>
  </datafield>
  <datafield tag="300" ind1=" " ind2=" ">
    <subfield code="a">x,235p.</subfield>
    <subfield code="c">24cm(pbk)</subfield>
  </datafield>
  <datafield tag="490" ind1=" " ind2=" ">
    <subfield code="a">McGraw Hill Education winning edge series</subfield>
  </datafield>
  <datafield tag="500" ind1=" " ind2=" ">
    <subfield code="a">Includes bibliographical references</subfield>
  </datafield>
  <datafield tag="942" ind1=" " ind2=" ">
    <subfield code="2">ddc</subfield>
    <subfield code="c">EN</subfield>
    <subfield code="m">RAM</subfield>
    <subfield code="h">808.84</subfield>
  </datafield>
  <datafield tag="999" ind1=" " ind2=" ">
    <subfield code="c">81794</subfield>
    <subfield code="d">81794</subfield>
  </datafield>
  <datafield tag="952" ind1=" " ind2=" ">
    <subfield code="0">0</subfield>
    <subfield code="1">5</subfield>
    <subfield code="4">0</subfield>
    <subfield code="7">0</subfield>
    <subfield code="8">NFIC</subfield>
    <subfield code="a">M</subfield>
    <subfield code="b">M</subfield>
    <subfield code="d">2014-08-06</subfield>
    <subfield code="e">BSB/IN603/27.03.2014/143/25.03.2014/29.03.2014</subfield>
    <subfield code="g">165.00</subfield>
    <subfield code="l">0</subfield>
    <subfield code="o">808.84 RAM</subfield>
    <subfield code="p">B-534749</subfield>
    <subfield code="r">2014-08-06 00:00:00</subfield>
    <subfield code="t">4</subfield>
    <subfield code="v">165.00</subfield>
    <subfield code="y">EN</subfield>
  </datafield>
  <datafield tag="952" ind1=" " ind2=" ">
    <subfield code="0">0</subfield>
    <subfield code="1">0</subfield>
    <subfield code="4">0</subfield>
    <subfield code="7">0</subfield>
    <subfield code="8">NFIC</subfield>
    <subfield code="a">M</subfield>
    <subfield code="b">M</subfield>
    <subfield code="d">2014-08-06</subfield>
    <subfield code="e">BSB/IN603/27.03.2014/143/25.03.2014/29.03.2014</subfield>
    <subfield code="g">165.00</subfield>
    <subfield code="l">0</subfield>
    <subfield code="o">808.84 RAM</subfield>
    <subfield code="p">B-534750</subfield>
    <subfield code="r">2014-08-06 00:00:00</subfield>
    <subfield code="t">4</subfield>
    <subfield code="v">165.00</subfield>
    <subfield code="y">EN</subfield>
  </datafield>
  <datafield tag="952" ind1=" " ind2=" ">
    <subfield code="0">0</subfield>
    <subfield code="1">5</subfield>
    <subfield code="4">0</subfield>
    <subfield code="7">0</subfield>
    <subfield code="8">NFIC</subfield>
    <subfield code="a">M</subfield>
    <subfield code="b">M</subfield>
    <subfield code="d">2014-08-06</subfield>
    <subfield code="e">BSB/IN603/27.03.2014/143/25.03.2014/29.03.2014</subfield>
    <subfield code="g">165.00</subfield>
    <subfield code="l">0</subfield>
    <subfield code="o">808.84 RAM</subfield>
    <subfield code="p">B-534751</subfield>
    <subfield code="r">2014-08-06 00:00:00</subfield>
    <subfield code="t">4</subfield>
    <subfield code="v">165.00</subfield>
    <subfield code="y">EN</subfield>
  </datafield>
  <datafield tag="952" ind1=" " ind2=" ">
    <subfield code="0">0</subfield>
    <subfield code="1">0</subfield>
    <subfield code="4">0</subfield>
    <subfield code="7">0</subfield>
    <subfield code="8">NFIC</subfield>
    <subfield code="a">M</subfield>
    <subfield code="b">M</subfield>
    <subfield code="d">2014-08-06</subfield>
    <subfield code="e">BSB/IN603/27.03.2014/143/25.03.2014/29.03.2014</subfield>
    <subfield code="g">165.00</subfield>
    <subfield code="l">1</subfield>
    <subfield code="o">808.84 RAM</subfield>
    <subfield code="p">B-534752</subfield>
    <subfield code="q">2045-06-30</subfield>
    <subfield code="r">2018-02-13 00:00:00</subfield>
    <subfield code="s">2018-02-13</subfield>
    <subfield code="t">4</subfield>
    <subfield code="v">165.00</subfield>
    <subfield code="y">EN</subfield>
  </datafield>
  <datafield tag="952" ind1=" " ind2=" ">
    <subfield code="0">0</subfield>
    <subfield code="1">0</subfield>
    <subfield code="4">0</subfield>
    <subfield code="7">0</subfield>
    <subfield code="8">NFIC</subfield>
    <subfield code="a">NPL</subfield>
    <subfield code="b">NPL</subfield>
    <subfield code="d">2014-08-06</subfield>
    <subfield code="e">BSB/IN603/27.03.2014/143/25.03.2014/29.03.2014</subfield>
    <subfield code="g">165.00</subfield>
    <subfield code="l">0</subfield>
    <subfield code="o">808.84 RAM</subfield>
    <subfield code="p">B-534753</subfield>
    <subfield code="r">2014-08-06 00:00:00</subfield>
    <subfield code="t">1</subfield>
    <subfield code="v">165.00</subfield>
    <subfield code="y">EN</subfield>
  </datafield>
  <datafield tag="952" ind1=" " ind2=" ">
    <subfield code="0">0</subfield>
    <subfield code="1">0</subfield>
    <subfield code="4">0</subfield>
    <subfield code="7">0</subfield>
    <subfield code="8">NFIC</subfield>
    <subfield code="a">BL1</subfield>
    <subfield code="b">BL1</subfield>
    <subfield code="d">2014-08-06</subfield>
    <subfield code="e">BSB/IN603/27.03.2014/143/25.03.2014/29.03.2014</subfield>
    <subfield code="g">165.00</subfield>
    <subfield code="l">0</subfield>
    <subfield code="o">808.84 RAM</subfield>
    <subfield code="p">B-534754</subfield>
    <subfield code="r">2014-08-06 00:00:00</subfield>
    <subfield code="t">1</subfield>
    <subfield code="v">165.00</subfield>
    <subfield code="y">EN</subfield>
  </datafield>
  <datafield tag="952" ind1=" " ind2=" ">
    <subfield code="0">0</subfield>
    <subfield code="1">0</subfield>
    <subfield code="4">0</subfield>
    <subfield code="7">0</subfield>
    <subfield code="8">NFIC</subfield>
    <subfield code="a">KGM</subfield>
    <subfield code="b">KGM</subfield>
    <subfield code="d">2014-08-06</subfield>
    <subfield code="e">BSB/IN603/27.03.2014/143/25.03.2014/29.03.2014</subfield>
    <subfield code="g">165.00</subfield>
    <subfield code="l">0</subfield>
    <subfield code="o">808.84 RAM</subfield>
    <subfield code="p">B-534755</subfield>
    <subfield code="r">2014-08-06 00:00:00</subfield>
    <subfield code="t">1</subfield>
    <subfield code="v">165.00</subfield>
    <subfield code="y">EN</subfield>
  </datafield>
  <datafield tag="952" ind1=" " ind2=" ">
    <subfield code="0">0</subfield>
    <subfield code="1">5</subfield>
    <subfield code="4">0</subfield>
    <subfield code="7">0</subfield>
    <subfield code="8">NFIC</subfield>
    <subfield code="a">PR</subfield>
    <subfield code="b">PR</subfield>
    <subfield code="d">2014-08-06</subfield>
    <subfield code="e">BSB/IN603/27.03.2014/143/25.03.2014/29.03.2014</subfield>
    <subfield code="g">165.00</subfield>
    <subfield code="l">0</subfield>
    <subfield code="o">808.84 RAM</subfield>
    <subfield code="p">B-534756</subfield>
    <subfield code="r">2014-08-06 00:00:00</subfield>
    <subfield code="t">1</subfield>
    <subfield code="v">165.00</subfield>
    <subfield code="y">EN</subfield>
  </datafield>
  <datafield tag="952" ind1=" " ind2=" ">
    <subfield code="0">0</subfield>
    <subfield code="1">0</subfield>
    <subfield code="4">0</subfield>
    <subfield code="7">0</subfield>
    <subfield code="8">NFIC</subfield>
    <subfield code="a">TN</subfield>
    <subfield code="b">TN</subfield>
    <subfield code="d">2014-08-06</subfield>
    <subfield code="e">BSB/IN603/27.03.2014/143/25.03.2014/29.03.2014</subfield>
    <subfield code="g">165.00</subfield>
    <subfield code="l">1</subfield>
    <subfield code="o">808.84 RAM</subfield>
    <subfield code="p">B-534757</subfield>
    <subfield code="r">2019-07-23 00:00:00</subfield>
    <subfield code="s">2019-07-03</subfield>
    <subfield code="t">1</subfield>
    <subfield code="v">165.00</subfield>
    <subfield code="y">EN</subfield>
  </datafield>
  <datafield tag="952" ind1=" " ind2=" ">
    <subfield code="0">0</subfield>
    <subfield code="1">0</subfield>
    <subfield code="4">0</subfield>
    <subfield code="7">0</subfield>
    <subfield code="8">NFIC</subfield>
    <subfield code="a">CJ</subfield>
    <subfield code="b">CJ</subfield>
    <subfield code="d">2014-08-06</subfield>
    <subfield code="e">BSB/IN603/27.03.2014/143/25.03.2014/29.03.2014</subfield>
    <subfield code="g">165.00</subfield>
    <subfield code="l">2</subfield>
    <subfield code="o">808.84 RAM</subfield>
    <subfield code="p">B-534758</subfield>
    <subfield code="r">2020-03-19 00:00:00</subfield>
    <subfield code="s">2020-03-07</subfield>
    <subfield code="t">1</subfield>
    <subfield code="v">165.00</subfield>
    <subfield code="y">EN</subfield>
  </datafield>
  <datafield tag="952" ind1=" " ind2=" ">
    <subfield code="0">0</subfield>
    <subfield code="1">0</subfield>
    <subfield code="4">0</subfield>
    <subfield code="7">0</subfield>
    <subfield code="8">NFIC</subfield>
    <subfield code="a">ZLS</subfield>
    <subfield code="b">ZLS</subfield>
    <subfield code="d">2014-08-06</subfield>
    <subfield code="e">BSB/IN603/27.03.2014/143/25.03.2014/29.03.2014</subfield>
    <subfield code="g">165.00</subfield>
    <subfield code="l">2</subfield>
    <subfield code="o">808.84 RAM</subfield>
    <subfield code="p">B-534759</subfield>
    <subfield code="r">2019-11-06 00:00:00</subfield>
    <subfield code="s">2019-10-24</subfield>
    <subfield code="t">1</subfield>
    <subfield code="v">165.00</subfield>
    <subfield code="y">EN</subfield>
  </datafield>
  <datafield tag="952" ind1=" " ind2=" ">
    <subfield code="0">0</subfield>
    <subfield code="1">0</subfield>
    <subfield code="4">0</subfield>
    <subfield code="7">0</subfield>
    <subfield code="8">NFIC</subfield>
    <subfield code="a">BL1</subfield>
    <subfield code="b">BL1</subfield>
    <subfield code="d">2014-08-06</subfield>
    <subfield code="e">BSB/IN603/27.03.2014/143/25.03.2014/29.03.2014</subfield>
    <subfield code="g">165.00</subfield>
    <subfield code="l">13</subfield>
    <subfield code="m">5</subfield>
    <subfield code="o">808.84 RAM</subfield>
    <subfield code="p">B-534760</subfield>
    <subfield code="r">2022-08-26 00:00:00</subfield>
    <subfield code="s">2022-08-12</subfield>
    <subfield code="t">1</subfield>
    <subfield code="v">165.00</subfield>
    <subfield code="y">EN</subfield>
  </datafield>
  <datafield tag="952" ind1=" " ind2=" ">
    <subfield code="0">0</subfield>
    <subfield code="1">0</subfield>
    <subfield code="4">0</subfield>
    <subfield code="7">0</subfield>
    <subfield code="8">NFIC</subfield>
    <subfield code="a">JP</subfield>
    <subfield code="b">JP</subfield>
    <subfield code="d">2014-08-06</subfield>
    <subfield code="e">BSB/IN603/27.03.2014/143/25.03.2014/29.03.2014</subfield>
    <subfield code="g">165.00</subfield>
    <subfield code="l">17</subfield>
    <subfield code="m">3</subfield>
    <subfield code="o">808.84 RAM</subfield>
    <subfield code="p">B-534761</subfield>
    <subfield code="r">2019-08-02 00:00:00</subfield>
    <subfield code="s">2019-07-11</subfield>
    <subfield code="t">1</subfield>
    <subfield code="v">165.00</subfield>
    <subfield code="y">EN</subfield>
  </datafield>
  <datafield tag="952" ind1=" " ind2=" ">
    <subfield code="0">0</subfield>
    <subfield code="1">0</subfield>
    <subfield code="4">0</subfield>
    <subfield code="7">0</subfield>
    <subfield code="8">NFIC</subfield>
    <subfield code="a">ZLS</subfield>
    <subfield code="b">ZLS</subfield>
    <subfield code="d">2014-08-06</subfield>
    <subfield code="e">BSB/IN603/27.03.2014/143/25.03.2014/29.03.2014</subfield>
    <subfield code="g">165.00</subfield>
    <subfield code="l">3</subfield>
    <subfield code="m">3</subfield>
    <subfield code="o">808.84 RAM</subfield>
    <subfield code="p">B-534762</subfield>
    <subfield code="r">2022-09-13 00:00:00</subfield>
    <subfield code="s">2022-08-17</subfield>
    <subfield code="t">1</subfield>
    <subfield code="v">165.00</subfield>
    <subfield code="y">EN</subfield>
  </datafield>
  <datafield tag="952" ind1=" " ind2=" ">
    <subfield code="0">0</subfield>
    <subfield code="1">5</subfield>
    <subfield code="4">0</subfield>
    <subfield code="7">0</subfield>
    <subfield code="8">NFIC</subfield>
    <subfield code="a">RKP</subfield>
    <subfield code="b">RKP</subfield>
    <subfield code="d">2014-08-06</subfield>
    <subfield code="e">BSB/IN603/27.03.2014/143/25.03.2014/29.03.2014</subfield>
    <subfield code="g">165.00</subfield>
    <subfield code="l">0</subfield>
    <subfield code="o">808.84 RAM</subfield>
    <subfield code="p">B-534763</subfield>
    <subfield code="r">2014-08-06 00:00:00</subfield>
    <subfield code="t">1</subfield>
    <subfield code="v">165.00</subfield>
    <subfield code="y">EN</subfield>
  </datafield>
  <datafield tag="952" ind1=" " ind2=" ">
    <subfield code="0">0</subfield>
    <subfield code="1">0</subfield>
    <subfield code="4">0</subfield>
    <subfield code="7">0</subfield>
    <subfield code="8">NFIC</subfield>
    <subfield code="a">AG</subfield>
    <subfield code="b">AG</subfield>
    <subfield code="d">2014-08-06</subfield>
    <subfield code="e">BSB/IN603/27.03.2014/143/25.03.2014/29.03.2014</subfield>
    <subfield code="g">165.00</subfield>
    <subfield code="l">4</subfield>
    <subfield code="o">808.84 RAM</subfield>
    <subfield code="p">B-534764</subfield>
    <subfield code="r">2020-10-17 00:00:00</subfield>
    <subfield code="s">2020-10-05</subfield>
    <subfield code="t">1</subfield>
    <subfield code="v">165.00</subfield>
    <subfield code="y">EN</subfield>
  </datafield>
  <datafield tag="952" ind1=" " ind2=" ">
    <subfield code="0">0</subfield>
    <subfield code="1">5</subfield>
    <subfield code="4">0</subfield>
    <subfield code="7">0</subfield>
    <subfield code="8">NFIC</subfield>
    <subfield code="a">SP</subfield>
    <subfield code="b">SP</subfield>
    <subfield code="d">2014-08-06</subfield>
    <subfield code="e">BSB/IN603/27.03.2014/143/25.03.2014/29.03.2014</subfield>
    <subfield code="g">165.00</subfield>
    <subfield code="l">0</subfield>
    <subfield code="o">808.84 RAM</subfield>
    <subfield code="p">B-534765</subfield>
    <subfield code="r">2014-08-06 00:00:00</subfield>
    <subfield code="t">1</subfield>
    <subfield code="v">165.00</subfield>
    <subfield code="y">EN</subfield>
  </datafield>
  <datafield tag="952" ind1=" " ind2=" ">
    <subfield code="0">0</subfield>
    <subfield code="1">0</subfield>
    <subfield code="4">0</subfield>
    <subfield code="7">0</subfield>
    <subfield code="8">NFIC</subfield>
    <subfield code="a">RC</subfield>
    <subfield code="b">RC</subfield>
    <subfield code="d">2014-08-06</subfield>
    <subfield code="e">BSB/IN603/27.03.2014/143/25.03.2014/29.03.2014</subfield>
    <subfield code="g">165.00</subfield>
    <subfield code="l">5</subfield>
    <subfield code="o">808.84 RAM</subfield>
    <subfield code="p">B-534766</subfield>
    <subfield code="r">2019-10-05 00:00:00</subfield>
    <subfield code="s">2019-09-21</subfield>
    <subfield code="t">1</subfield>
    <subfield code="v">165.00</subfield>
    <subfield code="y">EN</subfield>
  </datafield>
  <datafield tag="952" ind1=" " ind2=" ">
    <subfield code="0">0</subfield>
    <subfield code="1">0</subfield>
    <subfield code="4">0</subfield>
    <subfield code="7">0</subfield>
    <subfield code="8">NFIC</subfield>
    <subfield code="a">ZLS</subfield>
    <subfield code="b">ZLS</subfield>
    <subfield code="d">2014-08-06</subfield>
    <subfield code="e">BSB/IN603/27.03.2014/143/25.03.2014/29.03.2014</subfield>
    <subfield code="g">165.00</subfield>
    <subfield code="l">3</subfield>
    <subfield code="m">2</subfield>
    <subfield code="o">808.84 RAM</subfield>
    <subfield code="p">B-534767</subfield>
    <subfield code="r">2021-01-09 00:00:00</subfield>
    <subfield code="s">2020-12-21</subfield>
    <subfield code="t">1</subfield>
    <subfield code="v">165.00</subfield>
    <subfield code="y">EN</subfield>
  </datafield>
  <datafield tag="952" ind1=" " ind2=" ">
    <subfield code="0">0</subfield>
    <subfield code="1">0</subfield>
    <subfield code="4">0</subfield>
    <subfield code="7">0</subfield>
    <subfield code="8">NFIC</subfield>
    <subfield code="a">VP</subfield>
    <subfield code="b">VP</subfield>
    <subfield code="d">2014-08-06</subfield>
    <subfield code="e">BSB/IN603/27.03.2014/143/25.03.2014/29.03.2014</subfield>
    <subfield code="g">165.00</subfield>
    <subfield code="l">7</subfield>
    <subfield code="m">1</subfield>
    <subfield code="o">808.84 RAM</subfield>
    <subfield code="p">B-534768</subfield>
    <subfield code="r">2018-06-11 00:00:00</subfield>
    <subfield code="s">2018-06-04</subfield>
    <subfield code="t">1</subfield>
    <subfield code="v">165.00</subfield>
    <subfield code="y">EN</subfield>
  </datafield>
  <datafield tag="952" ind1=" " ind2=" ">
    <subfield code="0">0</subfield>
    <subfield code="1">5</subfield>
    <subfield code="4">0</subfield>
    <subfield code="7">0</subfield>
    <subfield code="8">NFIC</subfield>
    <subfield code="a">BL3</subfield>
    <subfield code="b">BL3</subfield>
    <subfield code="d">2014-08-06</subfield>
    <subfield code="e">BSB/IN603/27.03.2014/143/25.03.2014/29.03.2014</subfield>
    <subfield code="g">165.00</subfield>
    <subfield code="l">0</subfield>
    <subfield code="o">808.84 RAM</subfield>
    <subfield code="p">B-534769</subfield>
    <subfield code="r">2014-08-06 00:00:00</subfield>
    <subfield code="t">1</subfield>
    <subfield code="v">165.00</subfield>
    <subfield code="y">EN</subfield>
  </datafield>
  <datafield tag="952" ind1=" " ind2=" ">
    <subfield code="0">0</subfield>
    <subfield code="1">0</subfield>
    <subfield code="4">0</subfield>
    <subfield code="7">0</subfield>
    <subfield code="8">NFIC</subfield>
    <subfield code="a">NRR</subfield>
    <subfield code="b">NRR</subfield>
    <subfield code="d">2014-08-06</subfield>
    <subfield code="e">BSB/IN603/27.03.2014/143/25.03.2014/29.03.2014</subfield>
    <subfield code="g">165.00</subfield>
    <subfield code="l">0</subfield>
    <subfield code="o">808.84 RAM</subfield>
    <subfield code="p">B-534770</subfield>
    <subfield code="r">2014-08-06 00:00:00</subfield>
    <subfield code="t">1</subfield>
    <subfield code="v">165.00</subfield>
    <subfield code="y">EN</subfield>
  </datafield>
  <datafield tag="952" ind1=" " ind2=" ">
    <subfield code="0">0</subfield>
    <subfield code="1">0</subfield>
    <subfield code="4">0</subfield>
    <subfield code="7">0</subfield>
    <subfield code="8">NFIC</subfield>
    <subfield code="a">BKK</subfield>
    <subfield code="b">BKK</subfield>
    <subfield code="d">2014-08-06</subfield>
    <subfield code="e">BSB/IN603/27.03.2014/143/25.03.2014/29.03.2014</subfield>
    <subfield code="g">165.00</subfield>
    <subfield code="l">0</subfield>
    <subfield code="o">808.84 RAM</subfield>
    <subfield code="p">B-534771</subfield>
    <subfield code="r">2014-08-06 00:00:00</subfield>
    <subfield code="t">1</subfield>
    <subfield code="v">165.00</subfield>
    <subfield code="y">EN</subfield>
  </datafield>
  <datafield tag="952" ind1=" " ind2=" ">
    <subfield code="0">0</subfield>
    <subfield code="1">0</subfield>
    <subfield code="4">0</subfield>
    <subfield code="7">0</subfield>
    <subfield code="8">NFIC</subfield>
    <subfield code="a">NR</subfield>
    <subfield code="b">NR</subfield>
    <subfield code="d">2014-08-06</subfield>
    <subfield code="e">BSB/IN603/27.03.2014/143/25.03.2014/29.03.2014</subfield>
    <subfield code="g">165.00</subfield>
    <subfield code="l">0</subfield>
    <subfield code="o">808.84 RAM</subfield>
    <subfield code="p">B-534772</subfield>
    <subfield code="r">2014-08-06 00:00:00</subfield>
    <subfield code="t">1</subfield>
    <subfield code="v">165.00</subfield>
    <subfield code="y">EN</subfield>
  </datafield>
  <datafield tag="952" ind1=" " ind2=" ">
    <subfield code="0">0</subfield>
    <subfield code="1">0</subfield>
    <subfield code="4">0</subfield>
    <subfield code="7">0</subfield>
    <subfield code="8">NFIC</subfield>
    <subfield code="a">BN</subfield>
    <subfield code="b">BN</subfield>
    <subfield code="d">2014-08-06</subfield>
    <subfield code="e">BSB/IN603/27.03.2014/143/25.03.2014/29.03.2014</subfield>
    <subfield code="g">165.00</subfield>
    <subfield code="l">3</subfield>
    <subfield code="o">808.84 RAM</subfield>
    <subfield code="p">B-534773</subfield>
    <subfield code="r">2024-06-03 00:00:00</subfield>
    <subfield code="s">2024-05-20</subfield>
    <subfield code="t">1</subfield>
    <subfield code="v">165.00</subfield>
    <subfield code="y">EN</subfield>
  </datafield>
  <datafield tag="952" ind1=" " ind2=" ">
    <subfield code="0">0</subfield>
    <subfield code="1">0</subfield>
    <subfield code="4">0</subfield>
    <subfield code="7">0</subfield>
    <subfield code="8">NFIC</subfield>
    <subfield code="a">KV</subfield>
    <subfield code="b">KV</subfield>
    <subfield code="d">2014-08-06</subfield>
    <subfield code="e">BSB/IN603/27.03.2014/143/25.03.2014/29.03.2014</subfield>
    <subfield code="g">165.00</subfield>
    <subfield code="l">0</subfield>
    <subfield code="o">808.84 RAM</subfield>
    <subfield code="p">B-534774</subfield>
    <subfield code="r">2014-08-06 00:00:00</subfield>
    <subfield code="t">1</subfield>
    <subfield code="v">165.00</subfield>
    <subfield code="y">EN</subfield>
  </datafield>
  <datafield tag="952" ind1=" " ind2=" ">
    <subfield code="0">0</subfield>
    <subfield code="1">0</subfield>
    <subfield code="4">0</subfield>
    <subfield code="7">0</subfield>
    <subfield code="8">NFIC</subfield>
    <subfield code="a">MV</subfield>
    <subfield code="b">MV</subfield>
    <subfield code="d">2014-08-06</subfield>
    <subfield code="e">BSB/IN603/27.03.2014/143/25.03.2014/29.03.2014</subfield>
    <subfield code="g">165.00</subfield>
    <subfield code="l">0</subfield>
    <subfield code="o">808.84 RAM</subfield>
    <subfield code="p">B-534775</subfield>
    <subfield code="r">2014-08-06 00:00:00</subfield>
    <subfield code="t">1</subfield>
    <subfield code="v">165.00</subfield>
    <subfield code="y">EN</subfield>
  </datafield>
  <datafield tag="952" ind1=" " ind2=" ">
    <subfield code="0">0</subfield>
    <subfield code="1">0</subfield>
    <subfield code="4">0</subfield>
    <subfield code="7">0</subfield>
    <subfield code="8">NFIC</subfield>
    <subfield code="a">MP</subfield>
    <subfield code="b">MP</subfield>
    <subfield code="d">2014-08-06</subfield>
    <subfield code="e">BSB/IN603/27.03.2014/143/25.03.2014/29.03.2014</subfield>
    <subfield code="g">165.00</subfield>
    <subfield code="l">0</subfield>
    <subfield code="o">808.84 RAM</subfield>
    <subfield code="p">B-534776</subfield>
    <subfield code="r">2014-08-06 00:00:00</subfield>
    <subfield code="t">1</subfield>
    <subfield code="v">165.00</subfield>
    <subfield code="y">EN</subfield>
  </datafield>
  <datafield tag="952" ind1=" " ind2=" ">
    <subfield code="0">0</subfield>
    <subfield code="1">5</subfield>
    <subfield code="4">0</subfield>
    <subfield code="7">0</subfield>
    <subfield code="8">NFIC</subfield>
    <subfield code="a">BL4</subfield>
    <subfield code="b">BL4</subfield>
    <subfield code="d">2014-08-06</subfield>
    <subfield code="e">BSB/IN603/27.03.2014/143/25.03.2014/29.03.2014</subfield>
    <subfield code="g">165.00</subfield>
    <subfield code="l">0</subfield>
    <subfield code="o">808.84 RAM</subfield>
    <subfield code="p">B-534777</subfield>
    <subfield code="r">2014-08-06 00:00:00</subfield>
    <subfield code="t">1</subfield>
    <subfield code="v">165.00</subfield>
    <subfield code="y">EN</subfield>
  </datafield>
  <datafield tag="952" ind1=" " ind2=" ">
    <subfield code="0">0</subfield>
    <subfield code="1">0</subfield>
    <subfield code="4">0</subfield>
    <subfield code="7">0</subfield>
    <subfield code="8">NFIC</subfield>
    <subfield code="a">YV</subfield>
    <subfield code="b">YV</subfield>
    <subfield code="d">2014-08-06</subfield>
    <subfield code="e">BSB/IN603/27.03.2014/143/25.03.2014/29.03.2014</subfield>
    <subfield code="g">165.00</subfield>
    <subfield code="l">0</subfield>
    <subfield code="o">808.84 RAM</subfield>
    <subfield code="p">B-534778</subfield>
    <subfield code="r">2014-08-06 00:00:00</subfield>
    <subfield code="t">1</subfield>
    <subfield code="v">165.00</subfield>
    <subfield code="y">EN</subfield>
  </datafield>
  <datafield tag="952" ind1=" " ind2=" ">
    <subfield code="0">0</subfield>
    <subfield code="1">0</subfield>
    <subfield code="4">0</subfield>
    <subfield code="7">0</subfield>
    <subfield code="8">NFIC</subfield>
    <subfield code="a">ZLS</subfield>
    <subfield code="b">ZLS</subfield>
    <subfield code="d">2014-08-06</subfield>
    <subfield code="e">BSB/IN603/27.03.2014/143/25.03.2014/29.03.2014</subfield>
    <subfield code="g">165.00</subfield>
    <subfield code="l">2</subfield>
    <subfield code="o">808.84 RAM</subfield>
    <subfield code="p">B-534779</subfield>
    <subfield code="r">2022-03-30 00:00:00</subfield>
    <subfield code="s">2021-10-25</subfield>
    <subfield code="t">2</subfield>
    <subfield code="v">165.00</subfield>
    <subfield code="y">EN</subfield>
  </datafield>
  <datafield tag="952" ind1=" " ind2=" ">
    <subfield code="0">0</subfield>
    <subfield code="1">0</subfield>
    <subfield code="4">0</subfield>
    <subfield code="7">0</subfield>
    <subfield code="8">NFIC</subfield>
    <subfield code="a">ZLS</subfield>
    <subfield code="b">ZLS</subfield>
    <subfield code="d">2014-08-06</subfield>
    <subfield code="e">BSB/IN603/27.03.2014/143/25.03.2014/29.03.2014</subfield>
    <subfield code="g">165.00</subfield>
    <subfield code="l">3</subfield>
    <subfield code="m">3</subfield>
    <subfield code="o">808.84 RAM</subfield>
    <subfield code="p">B-534780</subfield>
    <subfield code="r">2025-01-24 00:00:00</subfield>
    <subfield code="s">2025-01-09</subfield>
    <subfield code="t">2</subfield>
    <subfield code="v">165.00</subfield>
    <subfield code="y">EN</subfield>
  </datafield>
  <datafield tag="952" ind1=" " ind2=" ">
    <subfield code="0">0</subfield>
    <subfield code="1">0</subfield>
    <subfield code="4">0</subfield>
    <subfield code="7">0</subfield>
    <subfield code="8">NFIC</subfield>
    <subfield code="a">RC3</subfield>
    <subfield code="b">RC3</subfield>
    <subfield code="d">2014-08-06</subfield>
    <subfield code="e">BSB/IN603/27.03.2014/143/25.03.2014/29.03.2014</subfield>
    <subfield code="g">165.00</subfield>
    <subfield code="l">0</subfield>
    <subfield code="o">808.84 RAM</subfield>
    <subfield code="p">B-534781</subfield>
    <subfield code="r">2014-08-06 00:00:00</subfield>
    <subfield code="t">5</subfield>
    <subfield code="v">165.00</subfield>
    <subfield code="y">EN</subfield>
  </datafield>
  <datafield tag="952" ind1=" " ind2=" ">
    <subfield code="0">0</subfield>
    <subfield code="1">0</subfield>
    <subfield code="4">0</subfield>
    <subfield code="7">0</subfield>
    <subfield code="8">NFIC</subfield>
    <subfield code="a">RC3</subfield>
    <subfield code="b">RC3</subfield>
    <subfield code="d">2014-08-06</subfield>
    <subfield code="e">BSB/IN603/27.03.2014/143/25.03.2014/29.03.2014</subfield>
    <subfield code="g">165.00</subfield>
    <subfield code="l">0</subfield>
    <subfield code="o">808.84 RAM</subfield>
    <subfield code="p">B-534782</subfield>
    <subfield code="r">2014-08-06 00:00:00</subfield>
    <subfield code="t">5</subfield>
    <subfield code="v">165.00</subfield>
    <subfield code="y">EN</subfield>
  </datafield>
  <datafield tag="952" ind1=" " ind2=" ">
    <subfield code="0">0</subfield>
    <subfield code="1">0</subfield>
    <subfield code="4">0</subfield>
    <subfield code="7">0</subfield>
    <subfield code="8">NFIC</subfield>
    <subfield code="a">RC3</subfield>
    <subfield code="b">RC3</subfield>
    <subfield code="d">2014-08-06</subfield>
    <subfield code="e">BSB/IN603/27.03.2014/143/25.03.2014/29.03.2014</subfield>
    <subfield code="g">165.00</subfield>
    <subfield code="l">0</subfield>
    <subfield code="o">808.84 RAM</subfield>
    <subfield code="p">B-534783</subfield>
    <subfield code="r">2014-08-06 00:00:00</subfield>
    <subfield code="t">5</subfield>
    <subfield code="v">165.00</subfield>
    <subfield code="y">EN</subfield>
  </datafield>
  <datafield tag="952" ind1=" " ind2=" ">
    <subfield code="0">0</subfield>
    <subfield code="1">0</subfield>
    <subfield code="4">0</subfield>
    <subfield code="7">0</subfield>
    <subfield code="8">NFIC</subfield>
    <subfield code="a">RC3</subfield>
    <subfield code="b">RC3</subfield>
    <subfield code="d">2014-08-06</subfield>
    <subfield code="e">BSB/IN603/27.03.2014/143/25.03.2014/29.03.2014</subfield>
    <subfield code="g">165.00</subfield>
    <subfield code="l">0</subfield>
    <subfield code="o">808.84 RAM</subfield>
    <subfield code="p">B-534784</subfield>
    <subfield code="r">2014-08-06 00:00:00</subfield>
    <subfield code="t">5</subfield>
    <subfield code="v">165.00</subfield>
    <subfield code="y">EN</subfield>
  </datafield>
  <datafield tag="952" ind1=" " ind2=" ">
    <subfield code="0">0</subfield>
    <subfield code="1">5</subfield>
    <subfield code="4">0</subfield>
    <subfield code="7">0</subfield>
    <subfield code="8">NFIC</subfield>
    <subfield code="a">RC3</subfield>
    <subfield code="b">RC3</subfield>
    <subfield code="d">2014-08-06</subfield>
    <subfield code="e">BSB/IN603/27.03.2014/143/25.03.2014/29.03.2014</subfield>
    <subfield code="g">165.00</subfield>
    <subfield code="l">0</subfield>
    <subfield code="o">808.84 RAM</subfield>
    <subfield code="p">B-534785</subfield>
    <subfield code="r">2014-08-06 00:00:00</subfield>
    <subfield code="t">5</subfield>
    <subfield code="v">165.00</subfield>
    <subfield code="y">EN</subfield>
  </datafield>
  <datafield tag="952" ind1=" " ind2=" ">
    <subfield code="0">0</subfield>
    <subfield code="1">5</subfield>
    <subfield code="4">0</subfield>
    <subfield code="7">0</subfield>
    <subfield code="8">NFIC</subfield>
    <subfield code="a">RC4</subfield>
    <subfield code="b">RC4</subfield>
    <subfield code="d">2014-08-06</subfield>
    <subfield code="e">BSB/IN603/27.03.2014/143/25.03.2014/29.03.2014</subfield>
    <subfield code="g">165.00</subfield>
    <subfield code="l">0</subfield>
    <subfield code="o">808.84 RAM</subfield>
    <subfield code="p">B-534786</subfield>
    <subfield code="r">2014-08-06 00:00:00</subfield>
    <subfield code="t">3</subfield>
    <subfield code="v">165.00</subfield>
    <subfield code="y">EN</subfield>
  </datafield>
  <datafield tag="952" ind1=" " ind2=" ">
    <subfield code="0">4</subfield>
    <subfield code="1">0</subfield>
    <subfield code="4">0</subfield>
    <subfield code="7">0</subfield>
    <subfield code="8">NFIC</subfield>
    <subfield code="a">RC4</subfield>
    <subfield code="b">RC4</subfield>
    <subfield code="d">2014-08-06</subfield>
    <subfield code="e">BSB/IN603/27.03.2014/143/25.03.2014/29.03.2014</subfield>
    <subfield code="g">165.00</subfield>
    <subfield code="l">0</subfield>
    <subfield code="o">808.84 RAM</subfield>
    <subfield code="p">B-534787</subfield>
    <subfield code="r">2014-08-06 00:00:00</subfield>
    <subfield code="t">3</subfield>
    <subfield code="v">165.00</subfield>
    <subfield code="y">EN</subfield>
    <subfield code="z">Written off vide C-30021/05/2022/Estt./110
Dt.07.11.22

</subfield>
  </datafield>
  <datafield tag="952" ind1=" " ind2=" ">
    <subfield code="0">0</subfield>
    <subfield code="1">0</subfield>
    <subfield code="4">0</subfield>
    <subfield code="7">0</subfield>
    <subfield code="8">NFIC</subfield>
    <subfield code="a">RC4</subfield>
    <subfield code="b">RC4</subfield>
    <subfield code="d">2014-08-06</subfield>
    <subfield code="e">BSB/IN603/27.03.2014/143/25.03.2014/29.03.2014</subfield>
    <subfield code="g">165.00</subfield>
    <subfield code="l">0</subfield>
    <subfield code="o">808.84 RAM</subfield>
    <subfield code="p">B-534788</subfield>
    <subfield code="r">2014-08-06 00:00:00</subfield>
    <subfield code="t">3</subfield>
    <subfield code="v">165.00</subfield>
    <subfield code="y">EN</subfield>
  </datafield>
  <datafield tag="952" ind1=" " ind2=" ">
    <subfield code="0">0</subfield>
    <subfield code="1">0</subfield>
    <subfield code="4">0</subfield>
    <subfield code="7">1</subfield>
    <subfield code="8">NFIC</subfield>
    <subfield code="a">DBAD</subfield>
    <subfield code="b">DBAD</subfield>
    <subfield code="d">2014-08-06</subfield>
    <subfield code="e">DBAD/PUB</subfield>
    <subfield code="g">165.00</subfield>
    <subfield code="l">0</subfield>
    <subfield code="o">808.84 RAM</subfield>
    <subfield code="p">EN-92605</subfield>
    <subfield code="r">2014-08-06 00:00:00</subfield>
    <subfield code="t">1</subfield>
    <subfield code="v">165.00</subfield>
    <subfield code="w">2014-08-06</subfield>
    <subfield code="y">EN</subfield>
  </datafield>
</record>
